000 01596cam a22003738i 4500
001 18578107
003 OSt
005 20260428082140.0
008 150416s2015 nyu b 001 0 eng
010 _a 2015014106
020 _a9781583675427
_qpbk. : alk. paper
020 _a9781583675434
_qcloth : alk. paper
035 _a18578107
040 _aDLC
_beng
_cDLC
_erda
_dDLC
042 _apcc
050 0 0 _aHM886
_b.P57 2015
082 0 0 _a303.6
_223
100 1 _aPilisuk, Marc.
245 1 4 _aThe hidden structure of violence :
_bwho benefits from global violence and war /
_cby Marc Pilisuk and Jennifer Achord Rountree.
264 1 _aNew York :
_bMonthly Review Press,
_c[2015]
300 _a359 pages ;
_c21 cm
336 _atext
_2rdacontent
337 _aunmediated
_2rdamedia
338 _avolume
_2rdacarrier
504 _aIncludes bibliographical references (pages301-344) and index.
505 0 _aThe costs of modern war -- Killing : war and the minds of men -- The hidden structure of violence -- People, farmland, water, and narcotics -- Networks of power -- Realpolitik: strategies and tactics for winning -- Disinformation -- Values and habits that maintain a violent system -- The evolution of corporate power to inflict -- Violence and injustice : dangers and hopes.
650 0 _aViolence.
650 0 _aWar, Cost of.
650 0 _aWar.
700 1 _aRountree, Jennifer Achord.
906 _a7
_bcbc
_corignew
_d1
_eecip
_f20
_gy-gencatlg
942 _2lcc
_cBK
_n0
999 _c23723
_d23722